000 00350nam a2200097Ia 4500
008 220120s9999||||xx |||||||||||||| ||und||
100 _aAdhip Ashak, Rahul, Rohith Mohan and Sayooj
_912661
245 0 _aStudy of thermo mechanical properties for aluminium6061 mate
260 _aCoorg Institute of Technology
_bPonnampet
_c2017
650 _aCOMPUTER SCIENCE
999 _c138260
_d138260